| 000 | 00000nam 2200000za 4500 |
| 001 | 9.816750 |
| 003 | CaOODSP |
| 005 | 20221107142322 |
| 007 | cr ||||||||||| |
| 008 | 160503s2009 xxc |o f|0| 0 fre d |
| 040 | |aCaOODSP|bfre |
| 043 | |an-cn--- |
| 086 | 1 |aFA3-101/2009F-PDF |
| 110 | 1 |aCanada. |bBureau du vérificateur général. |
| 245 | 10|aCorporation de développement des investissements du Canada |h[ressource électronique] : |brapport d'examen spécial - 2009. |
| 260 | |a[Ottawa] : |bBureau du vérificateur général du Canada, |c2009. |
| 300 | |aiii, 22 p. |
| 500 | |aPubli. aussi en anglais sous le titre : Canada Development Investment Corporation: special examination report - 2009. |
| 692 | 07|2gccst|aVérification |
| 775 | 08|tCanada Development Investment Corporation |w(CaOODSP)9.809535 |
| 856 | 40|qPDF|s363 Ko|uhttps://publications.gc.ca/collections/collection_2016/bvg-oag/FA3-101-2009-fra.pdf |